| 000 | 00381nam a2200157Ia 4500 | ||
|---|---|---|---|
| 008 | 230312s9999||||xx |||||||||||||| ||und|| | ||
| 020 | _a0-7506-56530 | ||
| 082 |
_a720 _bKRO-P |
||
| 100 | _aKronenburg;Robert | ||
| 245 | 0 | _aPortable Architecture | |
| 260 |
_bElsevier _aUK _c2003 |
||
| 300 | _a274 | ||
| 546 | _aEng. | ||
| 650 |
_aArchitecture _vPortable Architecture |
||
| 942 | _cBK | ||
| 999 |
_c9657 _d9657 |
||